000 01948cam a22002054a 4500
005 20250605164108.0
008 250528s ||||||||||||||||||||||||d
035 _a17810
020 _a9789608984547
040 _aGR-AtMCL
_bgre
_dGR-AtMCL
_eAACR2
245 1 _aΦυσιολογία του Ανθρώπου
250 _a
260 _bΦαρμακον - Τυπος,
_c2010
300 _a652
520 _aΗ Επιστήμη της Φυσιολογίας, υπό τη γενικότερη της έννοιας, ενδιαφέρει ένα ευρύ φάσμα επιστημόνων, γιατί μελετά τη λειτουργία των ζώντων οργανισμών. Πρόλογος, Εισαγωγή στη Φυσιολογία, Οργάνωση Ανθρωπίνου Σώματος, Κύτταρο, Λειτουργίες της Κυτταρικής Μεμβράνης, Μηχανική της Κυτταρικής Μεμβράνης, Φυσιλογικές Ιδιότητες του Κυττάρου, Πρώτοι Αγγελιαφόροι - Δεύτεροι Αγγελιαφόροι - Εσωτερικοί Τελεστές, Βιοηλεκτρικά Ρεύματα, Ιστοί του Σώματος, Υγρά του Σώματος, Αίμα, Συστήματα Άμυνας του Οργανισμού, Κυκλοφορικό Σύστημα, Αναπνευστικό Σύστημα, Ουροποιητικό Σύστημα, Φυσιολογία του Πεπτικού Συστήματος, Φυσιολογία του Μυϊκού Ιστού, Νευρικό Σύστημα, Κεντρικό Νευρικό Σύστημα, Νωτιαίος Μυελός, Αυτόνομο Νευρικό Σύστημα, Φυσιολογία της Αίσθησης, Σύστημα Αναπαραγωγής, Βιβλιογραφία.
700 1 _aΠλέσσας Σταύρος Τ
_94075
942 _cBK
999 _c3210
_d3210